| 000 | 00761nam a2200217Ii 4500 | ||
|---|---|---|---|
| 003 | JO-AjNU | ||
| 008 | 230605s9999||||xx |||||||||||||| ||und|| | ||
| 017 | _a2003/5/893 | ||
| 040 |
_aJO-AjNU _bara _erda _cJO-AjNU |
||
| 041 | _aara | ||
| 050 | 1 | 4 | _aDS38.1.K3222.2015 |
| 100 | 3 |
_aتاليف لكعبي، عبد الحكيم, _eauthor _960296 |
|
| 245 | 0 | 0 | _aموسوعة التاريخ الاسلامي: عصر النبوة وما قبله |
| 250 | _aط1 | ||
| 264 | 3 | 1 | _aعمان: دار اسامة للنشر والتوزيع، 2015 |
| 300 | _a360ص | ||
| 336 |
_atext _btxt _2rdacontent |
||
| 337 |
_aunmediated _bn _2rdamedia |
||
| 338 |
_avolume _bnc _2rdacarrier |
||
| 650 | 4 |
_aالتاريخ الاسلامي-الاسلام-الموسوعات _960297 |
|
| 999 |
_aA27181 _c30749 _d30749 |
||